000 00842nac a22002657a 4500
001 BR9300782
003 BR-BrBNA
005 20240105121408.0
008 230509b bl.|||m| |||| 00| 0 por d
040 _aBR-BrBNA
_bpor
_cBiblioteca Nacional de Agricultura
072 _aF63
090 _a1160 BR9300782
100 1 _aBispo, S.W.P.
100 1 _aCosta, J.N.
110 1 _aCentro Nacional de Pesquisa de Caju, Fortaleza, CE (Brasil)
_91758
245 1 _aInsetos polinizadores potenciais do cajueiro no nordeste da Bahia
260 3 _aFortaleza, CE (Brasil):
_c1991.
300 _a3 p.
490 _aPesquisa em Andamento - Centro Nacional de Pesquisa de Caju (Brazil)
_vno. 5
_x
650 _aCaju
650 _aInseto Polinizador
650 _aBahia
909 _a202312
_bLúcia Elande
_c55
_dLúcia Elande
942 _2AGRIS
_n0
_cMS
999 _c285048
_d285048